000 00288nam a22001337a 4500
008 170907b xxu||||| |||| 00| 0 eng d
020 _a0201106868
041 _aeng
080 _a721
100 _a41
101 _aNDI
245 _aBUILDING EXPERT SYSTEMS
_cROTH,F.H
942 _2udc
_cBK
999 _c26536
_d26536